ბათუმის შოთა რუსთაველის სახელმწიფო უნივერსიტეტის ბიბლიოთეკა

Turkce Ogretım setı : (ბიბ.ჩანაწერი № 62594)

000 -LEADER
fixed length control field 00470nam a22001697a 4500
005 - DATE AND TIME OF LATEST TRANSACTION
control field 20241213114130.0
008 - FIXED-LENGTH DATA ELEMENTS--GENERAL INFORMATION
fixed length control field 241213s2014 tu ||||| |||| 00| 0 tur d
020 ## - INTERNATIONAL STANDARD BOOK NUMBER
International Standard Book Number 9786058701021x
041 ## - LANGUAGE CODE
Language code of text/sound track or separate title tur
080 ## - UNIVERSAL DECIMAL CLASSIFICATION NUMBER
Universal Decimal Classification number 811.512.16 D-49
100 ## - MAIN ENTRY--PERSONAL NAME
Personal name Develi, Hayati
9 (RLIN) 23972
245 ## - TITLE STATEMENT
Title Turkce Ogretım setı :
Remainder of title A1 : Ders Kitabi /
Statement of responsibility, etc. Hayati Develi.
264 ## - PRODUCTION, PUBLICATION, DISTRIBUTION, MANUFACTURE, AND COPYRIGHT NOTICE
Place of production, publication, distribution, manufacture Ankara,
Date of production, publication, distribution, manufacture, or copyright notice 2014.
300 ## - PHYSICAL DESCRIPTION
Extent 168 p.;
Other physical details 30 cm.
653 ## - INDEX TERM--UNCONTROLLED
keyword თურქული ენა
942 ## - ADDED ENTRY ELEMENTS (KOHA)
Source of classification or shelving scheme
Koha item type წიგნი
ეგზემპლარები
Withdrawn status Lost status Source of classification or shelving scheme Damaged status Not for loan Permanent Location Current Location Shelving location Date acquired Cost, normal purchase price Full call number Barcode Date last seen Copy number Price effective from Koha item type Public note
          ბათუმის შოთა რუსთაველის სახელმწიფო უნივერსიტეტის მთავარი ბიბლიოთეკა ბათუმის შოთა რუსთაველის სახელმწიფო უნივერსიტეტის მთავარი ბიბლიოთეკა წიგნსაცავი 2024-12-13 10.00 811.512.16 D-49 69973 2024-12-13 69973 2024-12-13 წიგნი 10 ლ.